[Event "Open A"]
[Site "Le Touquet FRA"]
[Date "2008.10.26"]
[Round "2"]
[White "Collins,S IRL"]
[Black "Steffenello,L"]
[Result "1-0"]
[WhiteElo "2412"]
[BlackElo "2162"]

1.d4 Nf6 2.Bg5 d5 3.Bxf6 gxf6 4.c4 dxc4 5.Nc3 Nc6 6.e3 Rg8 7.d5 Ne5 8.f4 Nd3+
9.Bxd3 cxd3 10.g3 e6 11.Qxd3 c6 12.O-O-O exd5 13.Qxh7 Rg7 14.Qd3 Bg4 15.Nge2 Qa5
16.Kb1 Bb4 17.h3 Bd7 18.e4 O-O-O 19.exd5 Be6 20.Ka1 Bxd5 21.Qf5+ Be6 22.Qxf6 Bxc3
23.Nxc3 Rxg3 24.f5 Bd5 25.Nxd5 Rxd5 26.Qxf7 Re3 27.f6 Re2 28.Qg8+ Kc7 29.Qg7+ Kb6
30.f7 Rxd1+ 31.Rxd1 Qd2 32.Qg1+  1-0

[Event "Open A"]
[Site "Le Touquet FRA"]
[Date "2008.10.26"]
[Round "2"]
[White "Helsen,S"]
[Black "Neelotpal,D"]
[Result "0-1"]
[WhiteElo "2171"]
[BlackElo "2477"]

1.d4 Nf6 2.Bg5 d5 3.Bxf6 exf6 4.e3 Bd6 5.Nd2 O-O 6.g3 c6 7.Bg2 Nd7 8.Ne2 f5
9.c4 dxc4 10.Nxc4 Bc7 11.O-O Nf6 12.Nc3 Qe7 13.Qc2 Be6 14.Ne5 Bxe5 15.dxe5 Ng4
16.e4 g6 17.exf5 Bxf5 18.Be4 Nxe5 19.f4 Qc5+ 20.Kh1 Bxe4+ 21.Qxe4 Ng4 22.Qf3 Qh5
23.h4 Qf5 24.Ne4 Rad8 25.Rae1 h5 26.b4 Rd4 27.b5 cxb5 28.Ng5 Rd3 29.Qxb7 Rxg3
30.Nf3 Qc2 31.Rg1 Qh2+ 32.Nxh2 Nf2+  0-1

[Event "Open A"]
[Site "Le Touquet FRA"]
[Date "2008.10.28"]
[Round "5"]
[White "Dal Borgo,A"]
[Black "Geirnaert,S"]
[Result "0-1"]
[WhiteElo "2210"]
[BlackElo "2353"]

1.d4 Nf6 2.Bg5 c5 3.Bxf6 gxf6 4.d5 Qb6 5.Qc1 f5 6.c4 Bg7 7.Nc3 d6 8.e3 Nd7
9.Qc2 Nf6 10.Bd3 Bd7 11.Nge2 e6 12.O-O h5 13.dxe6 fxe6 14.Nf4 Bh6 15.Rfd1 O-O-O
16.Ng6 Rh7 17.e4 fxe4 18.Nxe4 Rf7 19.a4 Nxe4 20.Bxe4 Bg7 21.Rd2 Bd4 22.Nh4 Bc6
23.Nf3 Rg8 24.Nxd4 cxd4 25.b4 Rg4 26.Re1 Rfg7 27.g3 h4 28.Kg2 Rxe4 29.Rxe4 Rg4
30.f3 Bxe4 31.fxe4 hxg3 32.hxg3 Qxb4 33.Rxd4 Qc5 34.Qd3 Kc7 35.Qd1 Rg5 36.Qd3 Qe5
37.c5 Rxg3+ 38.Qxg3 Qxd4 39.cxd6+ Qxd6 40.Qg7+ Kc6 41.Qc3+ Qc5 42.Qb3 Qg5+
43.Kf3 Qh5+ 44.Kg3 Qe5+ 45.Kf3 Qh5+ 46.Kg3 Qe5+ 47.Kf3 b6 48.Qc4+ Kb7 49.Qb4 Qh5+
50.Kg3 Qe5+ 51.Kf3 Qh5+ 52.Kg3 Qc5 53.Qb3 Qe5+ 54.Kf3 Ka6 55.Qb4 Qc5 56.Qb3 Qh5+
57.Kf4 e5+ 58.Kg3 Qg5+ 59.Kf2 Qf4+ 60.Kg1 Qc1+ 61.Kg2 Qc6 62.Kf3 Ka5 63.Qd5+ Qc5
64.Kg4 Kxa4 65.Qd7+ b5 66.Qd1+ Ka5 67.Qd8+ Kb4 68.Qd2+ Qc3 69.Qd6+ Ka5 70.Qd8+ Ka4
71.Qd1+ Ka3 72.Qd6+ b4 73.Qa6+ Kb2 74.Qxa7 Qd4 75.Qh7 b3 76.Kf5 Kc3 77.Qh3+ Kb4
78.Qf1 b2 79.Qa6 Qd7+  0-1

[Event "ch-BRA s/f"]
[Site "Dois Irmaos BRA"]
[Date "2008.10.30"]
[Round "2"]
[White "Gomez,Gu"]
[Black "Pereira,Am"]
[Result "1-0"]
[WhiteElo "2134"]
[BlackElo "1878"]

1.d4 Nf6 2.Bg5 g6 3.Bxf6 exf6 4.g3 Bg7 5.Bg2 d5 6.e3 O-O 7.Ne2 Nc6 8.O-O Ne7
9.Nf4 f5 10.Qc1 Kh8 11.c4 dxc4 12.Qxc4 c6 13.Nc3 Qd6 14.Rfd1 Be6 15.Qe2 Rfd8
16.Na4 Bd5 17.Nxd5 Nxd5 18.Nc5 Qe7 19.Bxd5 Rxd5 20.Qc2 Rad8 21.b4 g5 22.Nd3 Qe4
23.Ne1 Qe7 24.Nd3 Qe4 25.Rac1 Bh6 26.Nc5 Qe7 27.Qc3 b6 28.Nd3 R8d6 29.b5 Rxb5
30.Nb4 Bg7 31.a4 Rc5 32.Qb3 Rxc1 33.Rxc1 Qb7 34.Qc2 f4 35.Nxc6 fxe3 36.fxe3 h6
37.Nb4 Qf3 38.Qf2 Qe4 39.Rc8+ Kh7 40.Qc2 Qxc2 41.Nxc2 Rd7 42.g4 Kg6 43.Rc6+ Kh7
44.Kf2 Rd5 45.Rc4 Kg6 46.e4 Rd7 47.Rc6+ Kh7 48.Ke3 f6 49.d5 h5 50.h3 hxg4
51.hxg4 Kg6 52.Nd4 Kf7 53.Nf5 Bf8 54.Kd4 Bc5+ 55.Kc4 Ba3 56.Nd4 Bc5  1-0

[Event "ch-BRA s/f"]
[Site "Dois Irmaos BRA"]
[Date "2008.11.01"]
[Round "4"]
[White "Gomez,Gu"]
[Black "Gonzalez,Bo"]
[Result "1-0"]
[WhiteElo "2134"]
[BlackElo "2277"]

1.d4 Nf6 2.Bg5 c5 3.Bxf6 gxf6 4.d5 Qb6 5.Qc1 f5 6.c4 Bh6 7.Qc2 e5 8.Nc3 f4
9.g3 d6 10.Rb1 a6 11.gxf4 Bxf4 12.e3 Bg5 13.Bd3 h6 14.Nge2 Rf8 15.Ng3 Qd8
16.Qa4+ Ke7 17.b4 cxb4 18.Qxb4 Bh4 19.c5 Bxg3 20.hxg3 dxc5 21.Qxc5+ Qd6 22.Qxd6+ Kxd6
23.Rxh6+ Ke7 24.Be4 Ra7 25.Rc1 b5 26.d6+ Kd8 27.Nd5 f5 28.Nb6 Bd7 29.Bd5 a5
30.Rh7 Ke8 31.Re7+ Kd8 32.Rxd7+  1-0

[Event "TCh-BEL 2008-9"]
[Site "Belgium BEL"]
[Date "2008.11.02"]
[Round "3"]
[White "Dal Borgo,A"]
[Black "Litwak,A"]
[Result "1-0"]
[WhiteElo "2210"]
[BlackElo "2278"]

1.d4 Nf6 2.Bg5 c5 3.Bxf6 exf6 4.Nc3 Qb6 5.Nd5 Qxb2 6.Rb1 Qxa2 7.Nc7+ Kd8
8.Nxa8 cxd4 9.g3 Nc6 10.Bg2 Bb4+ 11.Kf1 d5 12.Nf3 Qc4 13.Qd3 Qxd3 14.exd3 Re8
15.Nxd4 Nxd4 16.Rxb4 Nxc2 17.Rb1 Bf5 18.Bxd5 Bxd3+ 19.Kg1 b5 20.Rd1 Nb4 21.Bf3 Re6
22.Kg2 a5 23.Rxd3+ Nxd3 24.Rd1 Rd6 25.Be2 a4 26.Rxd3 Rxd3 27.Bxd3 a3 28.Bb1 Kd7
29.Kf3 f5 30.Ke3 Kc6 31.Kd4 Kb7 32.Kc5 Kxa8 33.Kxb5 g5 34.Kb4 h5 35.Kxa3 f4
36.gxf4 gxf4 37.Kb4  1-0

[Event "47th XtraCon TCh-DEN 2008-9"]
[Site "Denmark DEN"]
[Date "2008.11.02"]
[Round "2"]
[White "Naes,F"]
[Black "Bekker Jensen,S"]
[Result "1/2-1/2"]
[WhiteElo "2259"]
[BlackElo "2410"]

1.d4 Nf6 2.Bg5 g6 3.Bxf6 exf6 4.e3 Bg7 5.g3 f5 6.Bg2 c6 7.Ne2 b6 8.c4 Bb7
9.Nbc3 Na6 10.O-O O-O 11.Qd2 Qe7  1/2-1/2

[Event "IX Rapid Open"]
[Site "El Sauzal ESP"]
[Date "2008.11.02"]
[Round "7"]
[White "Moskalenko,V1"]
[Black "Cabrera Trujillo,J"]
[Result "1/2-1/2"]
[WhiteElo "2568"]
[BlackElo "2438"]

1.d4 Nf6 2.Bg5 d5 3.Nf3 Nbd7 4.e3 e6 5.c4 h6 6.Bh4 Be7 7.Nc3 c6 8.Bd3 O-O
9.O-O dxc4 10.Bxc4 b5 11.Bd3 Bb7 12.Rc1 b4 13.Na4 Rc8 14.Qb3 Qa5 15.Bxf6 Bxf6
16.a3 Be7 17.axb4 Qxb4 18.Qxb4 Bxb4 19.Rfd1 c5 20.Bb5 Rfd8 21.Bxd7 Rxd7 22.Ne5 Rdc7
23.Nd3 cxd4 24.Rxc7 Rxc7 25.exd4 Bd6 26.Nac5 Bd5 27.b4 f6 28.Ra1 Kf7 29.f3 Bc4
30.Ra3 g5 31.g3 Bd5 32.Kf2  1/2-1/2

[Event "ch-Nassau"]
[Site "Mineola USA"]
[Date "2008.11.03"]
[Round "3"]
[White "Guevara,R"]
[Black "Romero,S"]
[Result "1-0"]
[WhiteElo "2080"]
[BlackElo "2047"]

1.d4 Nf6 2.Bg5 d5 3.Bxf6 exf6 4.e3 Be6 5.g3 Bd6 6.Bg2 c6 7.Ne2 Nd7 8.Nd2 f5
9.O-O O-O 10.a4 Nf6 11.Re1 Ne4 12.c3 g5 13.f3 Nxd2 14.Qxd2 h5 15.e4 fxe4
16.fxe4 dxe4 17.Bxe4 f5 18.Bf3 h4 19.Nf4 Bxf4 20.gxf4 Bd5 21.Bxd5+ cxd5 22.fxg5 f4
23.Re5 Qd7 24.Kh1 f3 25.Qf2 Rf4 26.Qc2 Qg7 27.Rf1 Raf8 28.Qb3 f2 29.Qxd5+ Kh8
30.g6 Qf6 31.Rh5+ Kg7 32.Qxb7+ Kxg6 33.Qh7+  1-0

[Event "21st Belgrade Trophy"]
[Site "Obrenovac SRB"]
[Date "2008.11.03"]
[Round "7"]
[White "Belotelov,D"]
[Black "Zivkovic,De"]
[Result "0-1"]
[WhiteElo "2292"]
[BlackElo "2162"]

1.d4 Nf6 2.Bg5 d5 3.e3 c6 4.Bxf6 exf6 5.c4 Be6 6.cxd5 cxd5 7.Qb3 Qd7 8.Nc3 Nc6
9.g3 Bb4 10.Ne2 Rd8 11.Nf4 O-O 12.Rc1 Rfe8 13.Bg2 Bxc3+ 14.Qxc3 Rc8 15.Qd2 Ne7
16.O-O Rxc1 17.Rxc1 Rc8 18.Rc5 b6 19.Rc3 Qd6 20.Qc1 Rxc3 21.Qxc3 f5 22.h4 g6
23.Bf1 Bd7 24.b4 h6 25.Ba6 g5 26.hxg5 hxg5 27.Nd3 f6 28.a3 Kf7 29.Qc1 Ng6
30.Kg2 Ne7 31.Qc2 Ke8 32.Qe2 Kf7 33.Qc2 Nc6 34.Ne1 Ne7 35.Bd3 Qc6 36.Qxc6 Bxc6
37.Nf3 Ke6 38.Nd2 Be8 39.Nb1 Bd7 40.Nc3 Nc6 41.f4 g4 42.Bb1 Ne7 43.Bd3 Nc8
44.Ba6 Ne7 45.Bb7 Kd6 46.Kf2 Bc6 47.Ba6 Kc7 48.Ke1 Nc8 49.Bxc8 Kxc8 50.b5 Bb7
51.Kd2 Kd7 52.Kc2 Kd6 53.Kb3 Bc8 54.a4 Bd7 55.Kb4 Be8 56.Nd1 Bd7 57.Kc3 Kc7
58.Nb2 Kd6 59.Kb3 Bc8 60.Nd3 Bd7 61.Ne1 Be8 62.Kb4 Bd7 63.Ng2 Be8 64.Nh4 Ke6
65.Kc3 Bf7 66.e4 dxe4 67.d5+ Kxd5 68.Nxf5  0-1

[Event "12th OIBM"]
[Site "Bad Wiessee GER"]
[Date "2008.11.05"]
[Round "5"]
[White "Schneider,Il"]
[Black "Eingorn,V"]
[Result "1/2-1/2"]
[WhiteElo "2486"]
[BlackElo "2557"]

1.d4 Nf6 2.Bg5 d5 3.e3 Nbd7 4.Bd3 e5 5.Bf5 h6 6.Bh4 Be7 7.Nd2 O-O 8.Ne2 Re8
9.O-O c6 10.c4 exd4 11.Nxd4 c5 12.N4f3 Nb6 13.Bxc8 Rxc8 14.b3 Ne4 15.Bxe7 Qxe7
16.Qc2 Rcd8 17.Rad1 Nxd2 18.Nxd2 Rd7 19.a4 dxc4 20.bxc4 Red8 21.a5 Nc8 22.Nf3 Rxd1
23.Rxd1 Rxd1+ 24.Qxd1 Nd6 25.Nd2 Qe5 26.h3 Qb2 27.Nb3 Ne4 28.f3 Qf2+ 29.Kh2 Qg3+
30.Kg1 Qf2+ 31.Kh2 Ng3 32.e4 Nf1+ 33.Kh1 Ng3+ 34.Kh2 Nf1+ 35.Kh1  1/2-1/2

[Event "FSGM November"]
[Site "Budapest HUN"]
[Date "2008.11.06"]
[Round "6"]
[White "Nguyen Huynh Minh Huy"]
[Black "Recuero Guerra,D"]
[Result "1-0"]
[WhiteElo "2452"]
[BlackElo "2425"]

1.d4 Nf6 2.Bg5 c5 3.dxc5 e6 4.Nf3 Bxc5 5.e3 Nc6 6.Nbd2 d5 7.Be2 O-O 8.O-O h6
9.Bh4 Be7 10.a3 a5 11.Bb5 Qb6 12.c4 Na7 13.a4 Nxb5 14.cxb5 Qd8 15.Nb3 g5
16.Bg3 Ne4 17.Rc1 Nxg3 18.hxg3 Bf6 19.Qd2 Bg7 20.Rfd1 f5 21.Nfd4 e5 22.Ne2 b6
23.Nc3 d4 24.exd4 e4 25.d5 Qd6 26.Nd4 Bd7 27.Ne6 Bxe6 28.dxe6 Qxe6 29.Qd5 Qxd5
30.Nxd5 Bxb2 31.Rb1 Bg7 32.Nxb6 Rad8 33.Nc4 Bc3 34.b6 Rb8 35.Rb5 f4 36.gxf4 gxf4
37.Kf1 Rfc8 38.Nd6 Rd8 39.Rdd5 e3 40.fxe3 fxe3 41.Ke2 Bb4 42.Nc4 Rdc8 43.Ne5 Rb7
44.Kxe3 Kf8 45.Rd7 Rxb6 46.Rxb6 Bc5+ 47.Ke4 Bxb6 48.Rh7 Kg8 49.Rxh6 Bd8 50.Ra6 Kg7
51.Nc6 Bf6 52.Nxa5 Rc2 53.g4 Kg6 54.Kf4 Rf2+ 55.Kg3 Rd2 56.Nc6 Rd6 57.Kf4 Re6
58.Nb8 Be5+ 59.Ke4 Rxa6 60.Nxa6 Bd6 61.Kd5 Bg3 62.Nc5 Kg5 63.a5 Kxg4 64.a6 Bb8
65.Nd7 Ba7 66.Kc6 Kf5 67.Kb7 Bd4 68.Nb6  1-0

[Event "38th Olympiad"]
[Site "Dresden GER"]
[Date "2008.11.13"]
[Round "1"]
[White "Corke,A"]
[Black "Kobese,W"]
[Result "0-1"]
[WhiteElo "2301"]
[BlackElo "2369"]

1.d4 Nf6 2.Bg5 d5 3.Bxf6 exf6 4.e3 c5 5.dxc5 Bxc5 6.c3 O-O 7.Bd3 Nc6 8.Nf3 Qb6
9.Qc2 g6 10.h4 Ne5 11.Nxe5 fxe5 12.h5 d4 13.e4 Be6 14.c4 Rac8 15.Nd2 Bb4
16.Rc1 Qa5 17.a3 Be7 18.Qd1 Bg5 19.Ke2 f5 20.hxg6 hxg6 21.Nf3 Bf4 22.exf5 Rxf5
23.Bxf5 gxf5 24.b3 Rd8 25.g3 d3+ 26.Kf1 Bxc1 27.Qxc1 d2 28.Qd1 Qc3 29.Kg2 Bd7
30.Ng5 Bc6+ 31.Kh2 Qd4 32.Rf1 Rd7 33.Qh5 d1=Q 34.Qe8+ Kg7 35.Ne6+ Kf6 36.Qf8+ Kxe6
37.Qh6+ Ke7 38.Qh4+  0-1

[Event "38th Olympiad w"]
[Site "Dresden GER"]
[Date "2008.11.14"]
[Round "2"]
[White "Stojanovic,An"]
[Black "Pina Vega,S"]
[Result "1-0"]
[WhiteElo "2357"]
[BlackElo "2286"]

1.d4 Nf6 2.Bg5 g6 3.Bxf6 exf6 4.e3 Bg7 5.g3 O-O 6.Bg2 f5 7.Ne2 d6 8.c4 Nd7
9.Nbc3 Nf6 10.b4 Re8 11.Qd3 h5 12.h4 Ng4 13.Nd5 c6 14.Ndf4 a5 15.b5 c5 16.O-O Rb8
17.Rad1 cxd4 18.Nxd4 Ne5 19.Qc2 Qc7 20.Rc1 Be6 21.Nfxe6 fxe6 22.c5 dxc5 23.Qxc5 Qxc5
24.Rxc5 b6 25.Rc7 Bf8 26.Nc6 Bd6 27.Ra7 Nxc6 28.bxc6 Kf8 29.Rd1 Re7 30.Rb7 Rexb7
31.cxb7 Ke7 32.a4 Rf8 33.Bc6 Rd8 34.Kf1 e5 35.e4 f4 36.gxf4 exf4 37.Ke2 Be5
38.Bd5 Kf6 39.Rc1 Bd6 40.Rc6 Ke7 41.Rxb6 Kd7 42.Ra6 Kc7 43.Rxa5 Be7 44.Ra8  1-0

[Event "38th Olympiad"]
[Site "Dresden GER"]
[Date "2008.11.14"]
[Round "2"]
[White "Adebayo,A"]
[Black "Goundar,S"]
[Result "1-0"]
[WhiteElo "2266"]
[BlackElo "1883"]

1.d4 Nf6 2.Bg5 d5 3.Bxf6 exf6 4.e3 Bd6 5.c4 c6 6.Nc3 Be6 7.Qb3 Qb6 8.c5 Qxb3
9.axb3 Bc7 10.b4 Nd7 11.b5 O-O 12.Bd3 f5 13.Nge2 Nf6 14.f3 Rfe8 15.Kd2 Bd7
16.b4 Reb8 17.Rhb1 g6 18.g3 Kg7 19.bxc6 bxc6 20.b5 cxb5 21.Bxb5 Bxb5 22.Nxb5 Bd8
23.Ra6 Rb7 24.Nec3 Rab8 25.Rxa7 Rxa7 26.Nxa7 Rxb1 27.Nxb1 Kf8 28.Kd3 Ke8
29.Nc6 Bc7 30.Nc3 Kd7 31.Nb4 Ke6 32.e4 fxe4+ 33.fxe4 dxe4+ 34.Nxe4 Nxe4 35.Kxe4 f5+
36.Ke3 g5 37.d5+ Ke5 38.d6 f4+ 39.Kf3 fxg3 40.dxc7  1-0

[Event "38th Olympiad"]
[Site "Dresden GER"]
[Date "2008.11.14"]
[Round "2"]
[White "Megaranto,S"]
[Black "Njobvu,I"]
[Result "1-0"]
[WhiteElo "2536"]
[BlackElo "2247"]

1.d4 d5 2.Bg5 Nf6 3.Nf3 c6 4.e3 Ne4 5.Bh4 Qb6 6.Qc1 Bf5 7.Be2 Nd7 8.O-O e6
9.c4 h6 10.Nc3 g5 11.Bg3 Nxg3 12.hxg3 Bg7 13.cxd5 exd5 14.Qd2 a5 15.Bd3 Bxd3
16.Qxd3 O-O 17.g4 Rfe8 18.e4 dxe4 19.Nxe4 Nf6 20.Nd6 Re6 21.Nc4 Qb5 22.a4 Qa6
23.Nfe5 Rd8 24.Qc3 Ne4 25.Qf3 Bxe5 26.Nxe5 Nf6 27.Rad1 Qb6 28.Qc3 Nd5 29.Qc2 Rf6
30.g3 Nc7 31.Nc4 Qb4 32.b3 Rf3 33.Ne5 Qxb3 34.Qe2 Rf6 35.Rb1 Qxa4 36.Rxb7 Nd5
37.Nxf7 Rf8 38.Ne5 Qxd4 39.Qc2 R8f7 40.Nxf7 Rxf7 41.Qg6+ Rg7 42.Rb8+  1-0

[Event "38th Olympiad"]
[Site "Dresden GER"]
[Date "2008.11.15"]
[Round "3"]
[White "Goundar,S"]
[Black "Michel Yunis,C"]
[Result "0-1"]
[WhiteElo "1883"]
[BlackElo "2368"]

1.d4 Nf6 2.Bg5 d5 3.Bxf6 gxf6 4.e3 c5 5.dxc5 Qa5+ 6.Nc3 e6 7.a3 Qxc5 8.g3 Bg7
9.Bg2 f5 10.Nge2 Nd7 11.O-O Nf6 12.Qd4 Qxd4 13.Nxd4 Ne4 14.Nxe4 dxe4 15.Rfd1 Bd7
16.Rd2 Ke7 17.Rad1 Rhd8 18.Bf1 a6 19.Bc4 b5 20.Bb3 Rac8 21.c3 Be5 22.Ne2 Bc7
23.Kf1 Be8 24.Ke1 e5 25.Rxd8 Bxd8 26.Bd5 Bc6 27.Bxc6 Rxc6 28.Rd5 Bc7 29.Kd1 Rh6
30.h4 Ke6 31.Rd2 f4 32.exf4 exf4 33.Rd4 f5 34.c4 fxg3 35.fxg3 Be5 36.Rd8 bxc4
37.Kc2 Rg6 38.Nf4+ Bxf4 39.gxf4 Rg4 40.Ra8 Rxf4 41.Rxa6+ Kd5 42.Rh6 Kd4 43.Rxh7 Rf2+
44.Kc1 e3 45.h5 Rf1+ 46.Kc2 e2 47.Rd7+  0-1

[Event "38th Olympiad"]
[Site "Dresden GER"]
[Date "2008.11.15"]
[Round "3"]
[White "Rodriguez,Sa"]
[Black "Hug,W"]
[Result "0-1"]
[WhiteElo "2262"]
[BlackElo "2448"]

1.d4 Nf6 2.Bg5 d5 3.e3 c6 4.Nd2 Bg4 5.f3 Bf5 6.c4 Nbd7 7.Qb3 Qb6 8.Bf4 a5
9.g4 Bg6 10.g5 Nh5 11.Qxb6 Nxb6 12.Bc7 Nxc4 13.Nxc4 dxc4 14.Bxc4 e6 15.O-O-O Be7
16.h4 Kd7 17.Bh2 h6 18.e4 hxg5 19.d5 exd5 20.exd5 gxh4 21.Nh3 Bc5 22.Rhe1 Rae8
23.Ng5 Rxe1 24.dxc6+ Kxc6 25.Rxe1 Bf2 26.Re2 Bg3 27.Nxf7 Bxf7 28.Bxf7 Bxh2
29.Rxh2 Nf4 30.Kd2 Kd6 31.Ke3 Ke5 32.Bc4 g5 33.b3 Rd8 34.Rh1 Ng2+ 35.Ke2 Kf4
36.Rh3 Ne3 37.Bd3 Nf1 38.Bc4 Ng3+  0-1

[Event "38th Olympiad"]
[Site "Dresden GER"]
[Date "2008.11.16"]
[Round "4"]
[White "Mehmeti,D"]
[Black "Gebregziabher,B"]
[Result "1-0"]
[WhiteElo "2403"]
[BlackElo "2073"]

1.d4 d5 2.Bg5 Nf6 3.Nd2 c6 4.e3 Qb6 5.Bd3 Qxb2 6.Ngf3 Qc3 7.O-O Nbd7 8.Rb1 g6
9.Rb3 Qa5 10.Re1 Bg7 11.e4 dxe4 12.Nxe4 O-O 13.c4 Nxe4 14.Rxe4 e5 15.Bd2 Qc7
16.Nxe5 Nxe5 17.dxe5 Bxe5 18.Qe2 Bxh2+ 19.Kh1 Bd6 20.Bh6 Bf5 21.Qb2 f6 22.c5 Be5
23.Bc4+ Kh8 24.Rxb7 Rab8 25.Rxc7 Bxc7 26.Re7  1-0

[Event "38th Olympiad"]
[Site "Dresden GER"]
[Date "2008.11.16"]
[Round "4"]
[White "Mateo,Ra"]
[Black "Bacrot,E"]
[Result "0-1"]
[WhiteElo "2488"]
[BlackElo "2705"]

1.d4 Nf6 2.Bg5 c5 3.Bxf6 gxf6 4.d5 Qb6 5.Qc1 Bg7 6.g3 d6 7.Bg2 f5 8.c3 Nd7
9.Nh3 Nf6 10.Nd2 e6 11.Nc4 Qa6 12.Qg5 Rg8 13.Ne3 Bd7 14.Qh4 O-O-O 15.a4 e5
16.Qc4 Bh6 17.Qxa6 bxa6 18.Nc4 Kc7 19.O-O f4 20.b4 cxb4 21.cxb4 f3 22.exf3 Nxd5
23.f4 Bxh3 24.Bxh3 Nxf4 25.Bf5 Ne2+ 26.Kg2 Rg5 27.Ne3 d5 28.h4 Rgg8 29.Ng4 Bg7
30.Bxh7 Rge8 31.b5 e4 32.Rae1 Nc3 33.f3 exf3+ 34.Kxf3 Rxe1 35.Rxe1 axb5 36.axb5 Nxb5
37.h5 Kd6 38.h6 Bh8 39.Kf4 a5 40.Rb1 Nd4 41.Rb6+ Kc7 42.Rb1 a4 43.Ne5 Ne2+
44.Kf3 Bxe5 45.Kxe2 a3  0-1

[Event "38th Olympiad"]
[Site "Dresden GER"]
[Date "2008.11.17"]
[Round "5"]
[White "Mehmeti,D"]
[Black "Abdulla,AlR"]
[Result "0-1"]
[WhiteElo "2403"]
[BlackElo "2522"]

1.d4 d5 2.Bg5 Nf6 3.Bxf6 exf6 4.e3 Bd6 5.Bd3 O-O 6.Qf3 c6 7.Nd2 Qb6 8.Rb1 Re8
9.Ne2 Nd7 10.O-O Qc7 11.Ng3 Nf8 12.b4 Ne6 13.c4 Ng5 14.Qe2 dxc4 15.Nxc4 Bxg3
16.hxg3 Be6 17.Rfc1 Qd7 18.a4 Bd5 19.a5 g6 20.Nd2 h5 21.b5 Kg7 22.bxc6 bxc6
23.Bc4 Rab8 24.a6 Rh8 25.Bxd5 cxd5 26.f4 Ne6 27.Nf3 Nc7 28.Qd3 Rhe8 29.Kf2 Nb5
30.Nd2 Nd6 31.Rxb8 Rxb8 32.Rc5 Rb2 33.Rc2 Rb6 34.Kg1 Qg4 35.Kh2 Nf5 36.e4 dxe4
37.Nxe4 h4 38.gxh4 Qxh4+ 39.Qh3 Qxf4+  0-1

[Event "38th Olympiad"]
[Site "Dresden GER"]
[Date "2008.11.17"]
[Round "5"]
[White "Iotov,V"]
[Black "Borisek,J"]
[Result "1-0"]
[WhiteElo "2532"]
[BlackElo "2548"]

1.d4 Nf6 2.Bg5 d5 3.Bxf6 exf6 4.e3 Bd6 5.c4 dxc4 6.Bxc4 O-O 7.Nc3 f5 8.Nf3 Nd7
9.Qc2 Nf6 10.O-O-O Qe7 11.h4 h5 12.Ng5 c6 13.Kb1 g6 14.Bd3 a5 15.Rde1 Nd5
16.Nxd5 cxd5 17.Qa4 Bb4 18.Re2 f4 19.exf4 Qf6 20.a3 Bg4 21.f3 Bf5 22.Bxf5 Qxf5+
23.Qc2 Bd6 24.Qxf5 gxf5 25.g3 Rac8 26.Rc1 Rxc1+ 27.Kxc1 Rc8+ 28.Rc2 Re8 29.Kd2 f6
30.Nh3 Kf7 31.Ng1 a4 32.Ne2 Ke6 33.Kd3 Rg8 34.Ke3 Kd7 35.Kf2 Ra8 36.Nc3 Ra5
37.Nd1 Rb5 38.Ne3 Ke6 39.Re2 Bc7 40.Nd1+ Kf7 41.Nc3 Ra5 42.Ke3 Bd6 43.Kd3 Bc7
44.Rg2 Kg6 45.Rc2 Bd6 46.Nd1 b5 47.Rc6 Be7 48.Rc7 Bf8 49.Rb7 b4 50.axb4 a3
51.bxa3 Rxa3+ 52.Nc3 Rb3 53.Kc2 Rxb4 54.Rxb4 Bxb4 55.Nxd5  1-0

[Event "38th Olympiad"]
[Site "Dresden GER"]
[Date "2008.11.19"]
[Round "6"]
[White "Brunello,S"]
[Black "Steel,H"]
[Result "1-0"]
[WhiteElo "2455"]
[BlackElo "2280"]

1.d4 Nf6 2.Bg5 c5 3.Bxf6 gxf6 4.d5 Bg7 5.c3 Qb6 6.Qc2 f5 7.Na3 d6 8.g3 Nd7
9.Nf3 Nf6 10.Rd1 Qa5 11.Bg2 b5 12.O-O O-O 13.Nh4 Rb8 14.Nxf5 Bxf5 15.Qxf5 b4
16.Nc4 Qxa2 17.Qd3 Nd7 18.Ra1 Qb3 19.Rxa7 bxc3 20.bxc3 Nb6 21.Na5 Qxc3 22.Qxc3 Bxc3
23.Nc6 Ra8 24.Nxe7+ Kh8 25.Rb7 Ra6 26.Nf5 Na4 27.e3 Bb2 28.Rb1 Bf6 29.Bf1 Ra5
30.Nxd6 Nc3 31.Rc1 Kg8 32.Kg2 Ra2 33.Bc4 Rd2 34.Rb3 Rd8 35.Nb7 Rb8 36.Nxc5 Rc8
37.Nd7 Ne4 38.Kf3 Ng5+ 39.Kg4 Ne4 40.f3 h5+ 41.Kf4 Re8 42.Nxf6+ Nxf6 43.e4 Rxh2
44.e5 Nh7 45.d6 Nf8 46.Kf5 Rf2 47.f4 Ng6 48.Bxf7+  1-0

[Event "38th Olympiad"]
[Site "Dresden GER"]
[Date "2008.11.20"]
[Round "7"]
[White "Quinn,M"]
[Black "Noguchi,K"]
[Result "1-0"]
[WhiteElo "2401"]
[BlackElo "2018"]

1.d4 Nf6 2.Bg5 c5 3.d5 Qb6 4.Bxf6 gxf6 5.Qc1 d6 6.c4 Bf5 7.Nc3 h5 8.e3 Bh6
9.Nf3 Na6 10.a3 O-O-O 11.Nh4 Bh7 12.f4 e5 13.g3 exf4 14.gxf4 Rde8 15.Kf2 Kb8
16.Qd2 Re7 17.Bd3 f5 18.Bxf5 Qd8 19.Bxh7 Rxh7 20.Nf5 Re8 21.Rhg1 Qf6 22.Qd3 Rhh8
23.Rg2 Reg8 24.Rag1 Rg6 25.Nxh6 Rhxh6 26.Rg5 Nc7 27.Qe4 a6 28.h4 Rh8 29.Rxg6 fxg6
30.Rg5 Rg8 31.Qc2 Rg7 32.Ne4 Qe7 33.Ng3 Qf7 34.b4 Rg8 35.bxc5 dxc5 36.Ne4 b6
37.Qb2 Ka7 38.Qc3 Qe8 39.Qe5 Qa4 40.Qe7 Qc2+ 41.Kg3 Rc8 42.Nd6  1-0

[Event "38th Olympiad"]
[Site "Dresden GER"]
[Date "2008.11.21"]
[Round "8"]
[White "Tu Hoang Thong"]
[Black "Li Chao2"]
[Result "0-1"]
[WhiteElo "2496"]
[BlackElo "2622"]

1.d4 Nf6 2.Bg5 d5 3.e3 c5 4.c3 Nc6 5.Nd2 e5 6.dxe5 Nxe5 7.Ngf3 Nc6 8.Bd3 Be7
9.O-O O-O 10.Re1 h6 11.Bh4 Be6 12.a3 a5 13.e4 dxe4 14.Nxe4 Nxe4 15.Rxe4 Bxh4
16.Rxh4 Ne5 17.Nxe5 Qxh4 18.Qf3 Qf6 19.Qe4 g6 20.Qe3 Rad8 21.Re1 Qg5 22.f4 Qf6
23.Rf1 Bf5 24.Bc4 b6 25.g4 Bc8 26.g5 Qf5 27.Bd3 Qe6 28.Bc4 Qh3 29.Qe2 Be6
30.Bd3 Bf5 31.Bc4 Be6 32.Bd3 Bf5 33.Bc4 hxg5 34.fxg5 Qh4 35.Qe3 Kg7 36.b3 Rh8
37.Qg3 Rd2 38.Nf3 Qxg3+ 39.hxg3 Rc2 40.Nh4 Rxc3 41.Nxf5+ gxf5 42.Rxf5 a4
43.Rxf7+ Kg6 44.Rf6+ Kxg5 45.Rxb6 Rf8 46.Rb5 Kg4  0-1

[Event "38th Olympiad w"]
[Site "Dresden GER"]
[Date "2008.11.21"]
[Round "8"]
[White "Vahtra,T"]
[Black "Hoolt,S"]
[Result "1-0"]
[WhiteElo "1961"]
[BlackElo "2274"]

1.d4 Nf6 2.Bg5 d5 3.Bxf6 exf6 4.e3 Bd6 5.c4 dxc4 6.Bxc4 f5 7.Nc3 O-O 8.Nf3 Nd7
9.Qc2 Nf6 10.h4 g6 11.O-O-O c6 12.Bd3 Qa5 13.h5 Be6 14.hxg6 hxg6 15.Kb1 Kg7
16.Ng5 Bb4 17.Nxe6+ fxe6 18.Ne2 Rae8 19.Qb3 Qb6 20.Bc4 Nd5 21.Qd3 Bd6 22.e4 Nf4
23.Nxf4 Bxf4 24.g3 Bg5 25.f4 Bf6 26.e5 Bd8 27.Rh2 Qb4 28.Rdh1 Rh8 29.Rxh8 Rxh8
30.Rxh8 Kxh8 31.Bxe6 Bb6 32.d5 cxd5 33.Bxd5 Bd4 34.Qe2 b6 35.a3 Qc5 36.Bb3 Kg7
37.Qf3 Qb5 38.Qb7+ Kh6 39.Qh1+ Kg7 40.Qb7+ Kh6 41.Qb8 Qf1+ 42.Ka2 Kh5 43.Qd8  1-0

[Event "XXXII Tenkes Cup"]
[Site "Harkany HUN"]
[Date "2008.11.21"]
[Round "8"]
[White "Duong The Anh"]
[Black "Erdos,V"]
[Result "0-1"]
[WhiteElo "2420"]
[BlackElo "2577"]

1.d4 Nf6 2.Bg5 d5 3.e3 c5 4.Bxf6 gxf6 5.Nc3 e6 6.Qh5 Nc6 7.O-O-O cxd4 8.exd4 Bb4
9.Nge2 Bd7 10.Rd3 Qb6 11.g3 Na5 12.Bh3 f5 13.g4 Nc4 14.b3 Ba3+ 15.Kb1 fxg4
16.Bxg4 O-O-O 17.Nd1 Nd6 18.Nec3 Kb8 19.Bh3 Qc7 20.Rg1 Rc8 21.Qe5 b5 22.Ne3 Rhg8
23.Rxg8 Rxg8 24.Ne2 Ne4 25.Nxd5 Qxe5 26.dxe5 Bc6 27.Nf6 Nxf6 28.exf6 Rg6
29.b4 Bxb4 30.Nd4 Bd5 31.Nxb5 Rxf6 32.a3 Ba5 33.Nd6 Rxf2 34.c4 Bc6 35.Rb3+ Kc7
36.Nb5+ Kd7 37.Nxa7 Be4+ 38.Kc1 Rc2+ 39.Kd1 Rxh2 40.Rg3 Rd2+ 41.Kc1 Rc2+
42.Kd1 Rxc4 43.Bf1 Rc5 44.Nb5 Bc2+  0-1

[Event "38th Olympiad"]
[Site "Dresden GER"]
[Date "2008.11.22"]
[Round "9"]
[White "Papaioannou,I"]
[Black "Djukic,Ni"]
[Result "1-0"]
[WhiteElo "2597"]
[BlackElo "2519"]

1.d4 Nf6 2.Bg5 d5 3.e3 c6 4.Nd2 Qb6 5.Rb1 Bf5 6.Bxf6 exf6 7.Ngf3 Be7 8.Nh4 Be6
9.Bd3 g6 10.g3 f5 11.Ng2 Nd7 12.Nf4 Nf6 13.O-O h5 14.c4 h4 15.cxd5 Bxd5 16.Nxd5 Nxd5
17.g4 fxg4 18.Qxg4 Nf6 19.Qh3 Qd8 20.Nc4 Qd7 21.Qxd7+ Nxd7 22.b4 a6 23.h3 O-O
24.Rfd1 Kg7 25.a3 Rfd8 26.Na5 Ra7 27.Be4 Re8 28.Bf3 Bd8 29.Kg2 Bxa5 30.bxa5 Nf6
31.Rb4 Re7 32.a4 Rd7 33.e4 Ra8 34.d5 Re8 35.dxc6 Rxd1 36.Bxd1 bxc6 37.Rb6 Nxe4
38.Rxa6 Re5 39.Ra7 Rf5 40.Bb3 Rg5+ 41.Kh2 Nd2 42.Rxf7+ Kh6 43.Bd1 Rxa5 44.Rf4 c5
45.Rxh4+ Kg7 46.Kg2 g5 47.Rh5 Kf6 48.Bc2 Nc4 49.Rh6+ Ke7 50.Bb3 Nb2 51.Re6+ Kf8
52.Re5 Nxa4 53.Rxg5 Nc3 54.h4 Rb5 55.Rg8+ Ke7 56.Bc4 Rb2 57.h5 Rb6 58.Rg7+ Kf8
59.Rf7+ Ke8 60.Rf5 Nd1 61.Rxc5 Rf6 62.f3 Ne3+ 63.Kg3 Nf5+ 64.Kf4 Nd6+ 65.Ke5 Rh6
66.Be6 Nf7+ 67.Bxf7+ Kxf7 68.Kf4 Ra6 69.Kg5 Ra1 70.Rc7+ Kg8 71.f4 Rg1+ 72.Kf6 Rh1
73.f5 Rh2 74.Rc8+ Kh7 75.Ke7 Re2+ 76.Kf7 Ra2 77.f6 Ra5 78.Kf8 Rxh5 79.f7 Re5
80.Re8 Ra5 81.Ke7 Ra7+ 82.Ke6 Ra6+ 83.Kd5  1-0

[Event "38th Olympiad"]
[Site "Dresden GER"]
[Date "2008.11.22"]
[Round "9"]
[White "Ivanisevic,I"]
[Black "Radjabov,T"]
[Result "1/2-1/2"]
[WhiteElo "2658"]
[BlackElo "2751"]

1.d4 Nf6 2.Bg5 d5 3.e3 c6 4.Nd2 Bg4 5.f3 Bf5 6.Ne2 h6 7.Bxf6 exf6 8.Ng3 Be6
9.Bd3 g6 10.c3 Bd6 11.Qc2 Nd7 12.O-O Qc7 13.f4 f5 14.c4 dxc4 15.Bxc4 O-O-O
16.Rac1 Nb6 17.Bxe6+ fxe6 18.Nc4 g5 19.Ne2 Rhg8 20.Rf3 Kb8 21.Rcf1 Nd5 22.Nxd6 Qxd6
23.fxg5 hxg5 24.e4 Ne7 25.Rb3 Rh8 26.g3 f4 27.gxf4 gxf4 28.Rxf4 e5 29.dxe5 Qxe5
30.Rg3 Qh5 31.h3 Rdg8 32.Qd3 Rxg3+ 33.Qxg3 Ka8 34.Qf3 Qg5+ 35.Kf2 Ng6 36.Rf5 Qd8
37.Qe3 a6 38.Nf4 Nxf4 39.Rxf4 Qd1 40.Kg3 c5 41.Qxc5 Qd3+ 42.Kf2 Qd2+ 43.Kg3 Qd3+
44.Kf2 Qd2+  1/2-1/2